| 000 | 01114cam a2200289 i 4500 | ||
|---|---|---|---|
| 999 |
_c200449163 _d67375 |
||
| 003 | TR-AnTOB | ||
| 005 | 20220928201019.0 | ||
| 007 | ta | ||
| 008 | 150814s2003 tu 000 0 tur d | ||
| 020 | _a9756918926 | ||
| 040 |
_aTR-AnTOB _beng _erda _cTR-AnTOB |
||
| 041 | 0 | _atur | |
| 050 | 1 | 4 |
_aKKX3276 _b.D67 2003 |
| 090 | 0 | 0 |
_aKKX3276 _b.D67 2003 |
| 245 | 0 | 0 | _a4822 Sayılı kanun ile değişik 4077 sayılı tüketicinin korunması hakkında kanun ve uygulama yönetmelikleri. |
| 264 | 1 |
_aAnkara : _bSanayi ve Ticaret Bakanlığı Yayınları, _c2003. |
|
| 300 |
_a120 pages : _btables ; _c20 cm |
||
| 336 |
_ametin _btxt _2rdacontent |
||
| 337 |
_aaracısız _bn _2rdamedia |
||
| 338 |
_acilt _bnc _2rdacarrier |
||
| 490 | 1 |
_aSanayi ve Ticaret Bakanlığı. _aTüketicinin ve Rakabetin Korunması Genel Müdürlüğü ; _vyayın no. _a125 |
|
| 505 | _a4822 Sayılı Kanun ile Değişik 4077 Sayılı Tüketicinin Korunması Hakkında Kanun | ||
| 650 | 7 |
_aTüketicinin korunması _xHukuk ve mevzuat _zTürkiye _2etuturkob _9121360 |
|
| 942 |
_2z _cBK |
||